Movies Quiz

Random Movies or Actor Quiz
Score 0/10 Timer 06:00
0 Plays Today
actors % Correct
Raymond BurrLars Thorwald
92.3%
James StewartL.B. Jefferies
76.9%
Georgine DarcyMiss Torso
76.9%
Judith Evelyn Miss Lonelyhearts
73.1%
Irene WinstonMrs. Thorwald
73.1%
Grace Kelly Lisa Carol Fremont
69.2%
Thelma RitterStella
69.2%
Wendell Corey Det. Lt. Thomas J. Doyle
57.7%
Ross BagdasarianThe Songwriter
42.3%
Jesslyn FaxMiss Hearing Aid
15.4%
Come Together.
Have Fun.
All Virtual.
We all need to come together. Play Sporcle's virtual live trivia to have fun, connect with people, and get your trivia on. Join a live hosted trivia game for your favorite pub trivia experience done virtually. If a virtual private party is more your thing, go here for details.

You're not logged in!

Compare scores with friends on all Sporcle quizzes.
OR
Log In

Sporcle TV

Today on Sporcle TV


Watch our educational content, quiz creation guides, and fun videos on Sporcle TV.

Show Comments

Extras

Created Jan 30, 2016ReportNominate
Tags:Actor Quiz, Character, Window

Top Quizzes Today


Score Distribution

Paid Content

Your Account Isn't Verified!

In order to create a playlist on Sporcle, you need to verify the email address you used during registration. Go to your Sporcle Settings to finish the process.

Report this User

Report this user for behavior that violates our Community Guidelines.

Details: